[Event "IECG QN.2005.0.00369"]
[Site "IECG email"]
[Date "2005.09.15"]
[Round "?"]
[White "Melloni, Eduardo Carlos"]
[Black "Maillet, Frederic"]
[Result "0-1"]
[WhiteElo "800"]
[BlackElo "800"]
[PlyCount "40"]
[EventDate "2005.09.15"]
[EventType "tourn (corr)"]
[EventRounds "6"]
[SourceTitle "Corr 2008"]
[Source "ChessBase"]
[SourceDate "2008.06.24"]
[SourceVersion "1"]
[SourceVersionDate "2008.06.24"]
[SourceQuality "1"]

1. d4 Nc6 2. e3 e6 3. Bd3 d5 4. Nf3 Nf6 5. 0-0 Bb4 6. Ne5 0-0 7. a3 Bd6 8. f4 Ne4 9. Nd2 f5 10. c4 Nxe5 11. fxe5 Be7 12. Qh5 c5 13. cxd5 exd5 14. Nf3 Qc7 15. Nd2 Be6 16. Be2 Qb6 17. Nf3 c4 18. a4 Bf7 19. Qxf5 Be6 20. Qh5 g6 0-1